00790nam a2200241 i 4500001001000000003000900010005001700019007000300036008004100039020001500080040003000095041000800125082002000133100003100153245007500184264007000259300002800329336002700357337003300384338002900417500005700446700004500503000045233DO-SdBNP20250917132409.0ta150212s2000 dr 000 0 spa d z9993401234 aDO-SdBNPbspacBNPHUerda aspa 4axxxbR457al2221 aReyes, Freddyeautor4aut.13aLa alegría de vivir /cFreddy Reyes ; prólogo Héctor E. Mateo M. aSanto Domingo, República Dominicana : bEditora Búho,c2000. a150 páginas ;c23 cm. atextobtxt2rdacontent asin mediaciónbn2rdamedia avolumenbnc2rdacarrier  aIncluye datos biográficos del autor en las solapas1 aMateo M., Héctor E.,eprologuista4pr.